Daňové priznanie a následky jeho nepodania

Spôsob a forma podania daňového priznania. Podávanie daňových priznaní po dni zavedenia eura. Lehoty na podanie daňového priznania. Následky nepodania daňového priznania, pokuty. Opravné a dodatočné daňové priznanie.

Saved in:
Bibliographic Details
Main Author: Beňová, Marcela
Format: Book Chapter
Language:Slovak
Subjects:
Tags: Add Tag
No Tags, Be the first to tag this record!

MARC

LEADER 00000naa$a2200000$$$4500
001 0093517
005 20231114100633.0
041 0 |a slo 
044 |a SK 
245 1 0 |a Daňové priznanie a následky jeho nepodania  |c Marcela Beňová 
520 |a Spôsob a forma podania daňového priznania. Podávanie daňových priznaní po dni zavedenia eura. Lehoty na podanie daňového priznania. Následky nepodania daňového priznania, pokuty. Opravné a dodatočné daňové priznanie. 
610 2 0 |a priznania daňové 
610 2 0 |a sankcie 
610 2 0 |a pokuty 
100 1 |a Beňová, Marcela